000 00464nam a2200181Ia 4500
001 5057
005 20260306145840.0
008 260306t2003||||xx |||||||||||||| ||spa||
041 _aESP
082 _a332.678
_bC33
100 _aCastro Rodríguez, Raúl
_eAUT
245 0 _aEvaluación económica y social de proyectos de inversión
260 _c2003
300 _axiv, 363 páginas :
_c23 cm.
650 _aGEN
654 _aCAN
942 _cLIB
_dJUS
_fJUS
_2ddc
_n
999 _c5057
_d5057